| 000 | 00652nam a22001937a 4500 | ||
|---|---|---|---|
| 005 | 20251108171212.0 | ||
| 008 | 250721s1993 xx 000 0 ara d | ||
| 082 | 1 | 4 | _a615.82/حنف |
| 100 | 1 | _aمختار، حنفي محمود | |
| 245 | 1 | 0 | _aالتمرينات الرياضية لعلاج الآم الظهر و الرقبة / |
| 264 | 1 |
_aالقاهره : _bدار الفكر العربي، _c1993. |
|
| 300 | _a23ص | ||
| 650 | 1 | 7 | _aالتمرينات الرياضية |
| 650 | 1 | 7 | _aجهاز الحركة |
| 650 | 1 | 7 | _aالعلاج الطبيعي |
| 700 | 1 | _aزهران، ليلى عبد العزيز | |
| 942 |
_2ddc _cBK |
||
| 999 |
_c59209 _d59209 |
||